000 00703nam a22001817a 4500
005 20260116142453.0
010 _aHIN-130845
020 _a9789385776809
_c300.00
035 _aHN-103191
037 _bDBAD
082 _a820.88
100 _aहुकमसिंह
_986510
245 _aअग्निपुष्प/
_cहुकमसिंह 'जमीर'
260 _aनई दिल्ली
_bशब्दांकुर प्रकाशन
_c2020
270 _aजे-द्वितीय तल -41, मदनगीर,
_bनई दिल्ली
_e110062
300 _a342पृ.
_c22सेमी (अजिल्द)
942 _2ddc
_cHN
_h820.88
_mहुकम
999 _c214226
_d214226